New faster solution for the steady-state back-off problem (Registro nro. 193870)

Detalles MARC
001 - NÚMERO DE CONTROL
campo de control 649886
005 - FECHA Y HORA DE LA ÚLTIMA TRANSACCIÓN
campo de control 20241119090543.0
008 - DATOS DE LONGITUD FIJA--INFORMACIÓN GENERAL
campo de control de longitud fija 010303e19980115 eng
035 ## - NÚMERO DE CONTROL DEL SISTEMA
Número de control de sistema 649886
035 ## - NÚMERO DE CONTROL DEL SISTEMA
Número de control de sistema (OCoLC)819898515
040 ## - FUENTE DE LA CATALOGACIÓN
Centro/agencia transcriptor comduadb
041 ## - CÓDIGO DE LENGUA
Código de lengua del texto/banda sonora o título independiente eng
100 10 - ENTRADA PRINCIPAL--NOMBRE DE PERSONA
Nombre de persona Raspanti, C. G.
Código de función aut
Término indicativo de función/relación Autor/a
9 (RLIN) 336491
245 10 - MENCIÓN DE TÍTULO
Título New faster solution for the steady-state back-off problem
650 ## - PUNTO DE ACCESO ADICIONAL DE MATERIA--TÉRMINO DE MATERIA
Término de materia o nombre geográfico como elemento de entrada Optimización
9 (RLIN) 34739
650 ## - PUNTO DE ACCESO ADICIONAL DE MATERIA--TÉRMINO DE MATERIA
Término de materia o nombre geográfico como elemento de entrada Incertidumbre
9 (RLIN) 30933
650 #7 - PUNTO DE ACCESO ADICIONAL DE MATERIA--TÉRMINO DE MATERIA
Término de materia o nombre geográfico como elemento de entrada Procesos químicos
Fuente del encabezamiento o término lemb
9 (RLIN) 33450
650 ## - PUNTO DE ACCESO ADICIONAL DE MATERIA--TÉRMINO DE MATERIA
Término de materia o nombre geográfico como elemento de entrada Procesos quimicos - Control
9 (RLIN) 44048
650 ## - PUNTO DE ACCESO ADICIONAL DE MATERIA--TÉRMINO DE MATERIA
Término de materia o nombre geográfico como elemento de entrada Diseño de procesos quimicos
9 (RLIN) 19952
650 #7 - PUNTO DE ACCESO ADICIONAL DE MATERIA--TÉRMINO DE MATERIA
Término de materia o nombre geográfico como elemento de entrada Algoritmos
Fuente del encabezamiento o término lemb
9 (RLIN) 2325
650 ## - PUNTO DE ACCESO ADICIONAL DE MATERIA--TÉRMINO DE MATERIA
Término de materia o nombre geográfico como elemento de entrada Programación
9 (RLIN) 36868
650 #7 - PUNTO DE ACCESO ADICIONAL DE MATERIA--TÉRMINO DE MATERIA
Término de materia o nombre geográfico como elemento de entrada Mejoramiento de procesos
Fuente del encabezamiento o término lemb
9 (RLIN) 108954
700 10 - ENTRADA AGREGADA--NOMBRE PERSONAL
Nombre de persona Bandoni, J.A.
Código de función aut
Término indicativo de función/relación Autor/a
9 (RLIN) 336492
700 10 - ENTRADA AGREGADA--NOMBRE PERSONAL
Nombre de persona Biegler, L.T.
Código de función aut
Término indicativo de función/relación Autor/a
9 (RLIN) 331673
773 0# - ENLACE AL DOCUMENTO FUENTE/ENTRADA DE REGISTRO ANFITRIÓN
Título Investigación Aplicada Latino Americana (Bahía Blanca, Argentina)
Parte(s) relacionada(s) Vol. 28, No. 01-02, Ene. 1998, p. 129-134
Número de control del registro 495513
Número Internacional Normalizado para Publicaciones Seriadas 0327-0793
Número bibliográfico anfitrión 123981
942 ## - ELEMENTOS DE ENTRADA AGREGADA (KOHA)
Tipo de ítem Koha Artículo de Revista

No hay ítems disponibles.